000 00389cam a2200181 a 4500
020 _a9788124605165
020 _a8124605165
041 _aENG
082 _a291
_bSHA
100 1 _aSharma, Arvind.
245 1 0 _aIslam for Hindus
260 _aNew Delhi :
_bD.K. Printworld,
_c2009.
300 _a94 p. ;
650 0 _aIslam.
650 0 _aIslam
650 0 _aHinduism
942 _cBK
999 _c23650
_d23650